00867cam a2200241Mi 450000500170000000800410001702000180005802000150007603500210009104000500011204100080016224501030017026000680027330000220034149000310036350000290039450400530042363000130047665000430048965000200053265000460055270000270059820150325114012.0150325s2013 enk fr 001 0 eng d a9780199670642 a0199670641 a(OCoLC)885006261 aCO-BoUCMbspacJose A. GerenadJose A. Gerena0 aeng00aAims, methods and contexts of Qur'anic exegesis ceditado por Karen Bauerb(2nd/8th - 9th/15th c.) aOxford (Oxfordshire, Inglaterra)bOxford University pressc2013 axv, 503 páginas1 aQur'anic studies seriesv9 aIncludes text in Arabic. aIncluye referencias bibliográficas e índices04aCorán  7aCorán vCrítica e interpretación 7aIslamxHistoria 7aIslamxVida social y costumbresxHistoria1 aBauer, Karenedirector